MARC

LEADER 00000nam0a2200000 4500
001 251291
005 20231101232638.0
010 |a 5020164313 
020 |a RU  |b 89-22057 
035 |a (RuTPU)RU\TPU\book\273567 
090 |a 251291 
100 |a 20140220d1989 k a0rusy5003 ca 
101 0 |a rus 
102 |a RU 
105 |a y z 001zy 
200 1 |a Внешнеэкономические связи Османской империи в новое время (конец XVIII - нач. XX в.)  |f С. М. Иванов [и др.]  |g Академия наук СССР (АН СССР), Институт востоковедения (ИВ) ; под ред. Ю. А. Петросяна 
210 |a Москва  |c Наука  |d 1989 
215 |a 227 с. 
320 |a Библиогр. в примеч.: с. 211-228. 
606 1 |a Османская империя  |x История  |2 stltpush  |3 (RuTPU)RU\TPU\subj\69151  |9 84118 
610 1 |a Турция 
610 1 |a экономические связи 
610 1 |a 18 век 
610 1 |a 19 век 
610 1 |a 20 век 
610 1 |a внешняя торговля 
610 1 |a финансы 
686 |a Т3(5Ту)  |2 rubbk 
701 1 |a Иванов  |b С. М. 
701 1 |a Киреев  |b Н. Г. 
701 1 |a Мейер  |b М. С. 
701 1 |a Шеремет  |b В. И. 
702 1 |a Петросян  |b Ю. А.  |4 340 
712 0 2 |a Академия наук СССР (АН СССР)  |b Институт востоковедения (ИВ)  |c (Москва)  |2 stltpush  |3 (RuTPU)RU\TPU\col\11263 
801 0 |a RU  |b RuMRKP  |c 19960705  |g psbo 
801 1 |a RU  |b 63413507  |c 20140220 
801 2 |a RU  |b 63413507  |c 20140318  |g RCR 
942 |c BK